| 000 | 01039am a2200373a 44500 | ||
|---|---|---|---|
| 003 | AR-BaBNM | ||
| 005 | 20251128205534.0 | ||
| 008 | 037119s1997 #AR|||||||||||000 | esp|| | ||
| 020 | _a950-518-647-9 | ||
| 040 | _cAR-BaBNM | ||
| 245 | 1 | 0 | _aConceptos clave en comunicación y estudios culturales |
| 260 |
_aBuenos Aires _bAmorrortu _c1997 |
||
| 300 | _a409 p. | ||
| 490 | 0 | _aBiblioteca de comunicación, cultura y medios | |
| 500 | _aIndice temático: p.397-409 | ||
| 504 | _aBibliografía: p. 375-396 | ||
| 650 | 4 | _aCULTURA | |
| 650 | 4 | _aCOMUNICACION | |
| 650 | 4 | _aFORMACION DE CONCEPTOS | |
| 650 | 4 | _aINVESTIGACION EN LA COMUNICACION | |
| 650 | 4 | _aESTUDIOS CULTURALES | |
| 650 | 4 | _aINVESTIGACION CULTURAL | |
| 650 | 4 | _aSOCIOLOGIA | |
| 655 | _aREFERENCIA | ||
| 700 | 1 | _aO'Sullivan, Tim | |
| 700 | 1 | _aHartley, John | |
| 700 | 1 | _aSaunders, John | |
| 700 | 1 | _aMontgomery, Martin | |
| 700 | 1 | _aFiske, John | |
| 700 | 1 |
_aBixio, Alcira _etraductor |
|
| 800 | 1 | _aFord, Aníbal | |
| 942 | _cBK | ||
| 998 | _cSILVI | ||
| 999 |
_c11800 _d11800 |
||